000 00610cam a22002053a 4500
001 39334
003 PGUSA
005 20140828083856.0
008 120401s2012||||xxu|||||s|||||000 | eng d
040 _aPGUSA
_beng
042 _adc
100 1 _aDenny, Emily Inez
245 1 0 _aBlazing The Way :
_bTrue Stories, Songs and Sketches of Puget Sound
_h[electronic resource] /
_cEmily Inez Denny
260 _bProject Gutenberg,
_c2012
506 _aPublic domain in the USA.
516 _aElectronic text
830 0 _aProject Gutenberg
_v39334
856 4 0 _uhttp://www.gutenberg.org/ebooks/39334
942 _cEB
999 _c268587
_d268587